01280nam a2200385 a 450000100060000000300080000600500170001400600190003100700150005000800410006502000150010603500210012104000260014205000240016808000100019211000190020224501040022126000430032530000120036850000130038053301640039365000140055765000430057165000130061465000190062765000380064665000250068465000130070965000130072265000160073565300350075165500270078671000190081385600620083242207FlNmELB20241216222027.0m o d | cr cn|||||||||210112s1999 xxu o 000 0 spa d z082134109X a(OCoLC)928698856 aFlNmELBbspacFlNmELB 4aHF1411bB213 1999eb a339.91 aBanco mundial.10aInforme sobre el desarrollo mundial :bel conocimiento al servicio del desarrollo /cBanco mundial. aWashington DC :bBanco mundial,c1999. a2-17 p. aResumen. aRecurso electrónico. Santa Fe, Arg.: e-libro, 2015. Disponible vía World Wide Web. El acceso puede estar limitado para las bibliotecas afiliadas a e-libro. 4aFinanzas. 4aSistemas económicos internacionales. 4aPobreza. 4aEstadística. 0aInternational economic relations. 0aInternational trade. 0aFinance. 0aPoverty. 0aStatistics. aEstadísticas internacionales 4aLibros electrónicos.2 ae-libro, Corp.40uhttps://elibro.net/ereader/politecnicointernacional/94366